| 000 | 00477cam a2200193ua 4500 | ||
|---|---|---|---|
| 020 | _c12.50 | ||
| 041 |
_aeng _h |
||
| 082 |
_a320.01 _bGIL/PR |
||
| 100 | _aGilchert, R.N . | ||
| 245 |
_aPrinciples of political science / _cR.N.Gilchert. _hTextual Documents |
||
| 250 |
_a1 / _b. |
||
| 260 |
_aMumbai : _bOrient-Longman Ltd , _c1962. |
||
| 300 | _a846 ; . | ||
| 365 | _a12.50 | ||
| 504 | _a | ||
| 700 | 1 | _aSreenivasa, C.S . | |
| 942 | _cBK | ||
| 999 |
_c1718 _d1718 |
||